[Event "13. Lichtenberger Sommer"]
[Site "?"]
[Date "2014.08.20"]
[Round "5.25"]
[White "Wecker, Martin"]
[Black "Bonke, Hans-Jürgen"]
[Result "1-0"]
[WhiteElo "2049"]
[BlackElo "1951"]
[PlyCount "89"]
[EventDate "2014.??.??"]
[WhiteTeam "Godesberger Schachklub 1929 e.V."]
[BlackTeam "SC Kreuzberg e.V."]

1. Nf3 g6 2. c4 Bg7 3. d4 d6 4. Nc3 e6 5. e4 Nd7 6. g3 Ne7 7. Bg2 h6 8. Be3 O-O
9. O-O a6 10. Qd2 Kh7 11. Rfd1 Rb8 12. a4 b6 13. Rac1 Bb7 14. b4 f5 15. exf5
Nxf5 16. d5 e5 17. Ne4 Nf6 18. Qd3 Bc8 19. Bd2 Bd7 20. a5 Nxe4 21. Qxe4 Qf6 22.
axb6 Nd4 23. bxc7 Rbc8 24. Nxd4 Qxf2+ 25. Kh1 exd4 26. Bf4 Rfe8 27. Qf3 Qxf3
28. Bxf3 Be5 29. c5 Bxf4 30. gxf4 Rxc7 31. Rxd4 Re3 32. Re4 Rxe4 33. Bxe4 Be8
34. c6 Bf7 35. Ra1 Re7 36. Bf3 Re3 37. Kg2 Rb3 38. Rxa6 Rxb4 39. Ra7 Kg7 40. f5
Kf6 41. fxg6 Bxg6 42. Kg3 Rb3 43. Ra8 Be4 44. Rf8+ Ke7 45. c7 1-0

[Event "13. Lichtenberger Sommer"]
[Site "?"]
[Date "2014.08.20"]
[Round "5.26"]
[White "Alcer, Fabian"]
[Black "Albrecht, Rainer"]
[Result "1/2-1/2"]
[WhiteElo "1760"]
[BlackElo "2109"]
[PlyCount "34"]
[EventDate "2014.??.??"]
[WhiteTeam "SV Empor Berlin e.V."]
[BlackTeam "SC Kreuzberg e.V."]

1. e4 e6 2. d4 d5 3. exd5 exd5 4. Nf3 Bd6 5. Bd3 Ne7 6. O-O Bg4 7. c3 Qd7 8.
Re1 Bh5 9. Be3 Nbc6 10. Nbd2 Bg6 11. Qc2 O-O 12. Nh4 Bxd3 13. Qxd3 Qg4 14. Ndf3
h6 15. h3 Qd7 16. Re2 Rae8 17. Rae1 Nd8 1/2-1/2

[Event "13. Lichtenberger Sommer"]
[Site "?"]
[Date "2014.08.20"]
[Round "5.27"]
[White "Kreutzkamp, Hans-Rudolf"]
[Black "Brüning, Wolfgang"]
[Result "1-0"]
[WhiteElo "2186"]
[BlackElo "1893"]
[PlyCount "91"]
[EventDate "2014.??.??"]
[WhiteTeam "SK Union Eimsbuettel eV"]
[BlackTeam "Queer-Springer SSV Berlin"]

1. e4 c5 2. Nf3 e6 3. d4 cxd4 4. Nxd4 Nc6 5. Be3 Nf6 6. Nd2 a6 7. Be2 Qc7 8.
O-O d5 9. Nxc6 Qxc6 10. exd5 exd5 11. Nb3 Bd6 12. Re1 O-O 13. Bd4 Ne4 14. Bd3
Qc7 15. g3 f5 16. f4 b6 17. Qf3 Bb7 18. Re2 Bc6 19. Rg2 b5 20. Rf1 a5 21. c3 a4
22. Nd2 Bc5 23. Qe3 Bd6 24. Nf3 Rab8 25. a3 Rbe8 26. Ne5 Re6 27. Bb1 Be8 28.
Ba2 Bc6 29. Rd1 Nf6 30. Qd3 Ne4 31. Re2 Rd8 32. Nxc6 Qxc6 33. Be3 Nf6 34. Bxd5
Nxd5 35. Qxd5 Be7 36. Qxd8+ Bxd8 37. Rxd8+ Kf7 38. Kf2 Qh1 39. h4 Kg6 40. Rdd2
Kh5 41. Re1 Qe4 42. Rd4 Qc6 43. Red1 Kg4 44. Rd5 Re7 45. h5 Qc4 46. Rh1 1-0

[Event "13. Lichtenberger Sommer"]
[Site "?"]
[Date "2014.08.20"]
[Round "5.28"]
[White "Vogel, Robert"]
[Black "Steiner, Wolfram"]
[Result "1-0"]
[WhiteElo "2262"]
[BlackElo "1995"]
[PlyCount "61"]
[EventDate "2014.??.??"]
[WhiteTeam "SG Pang-Rosenheim 1910 e.V."]
[BlackTeam "SG Lasker Steglitz-Wilmersdorf"]

1. d4 d5 2. c4 c6 3. Nf3 Nf6 4. g3 g6 5. Bg2 Bg7 6. O-O O-O 7. b3 Bf5 8. Nbd2
Ne4 9. Bb2 a5 10. Ne5 Nxd2 11. Qxd2 f6 12. Nd3 Bxd3 13. Qxd3 Qd7 14. e4 e6 15.
Rfe1 Na6 16. Re2 Nb4 17. Qd2 f5 18. exf5 exf5 19. Rae1 f4 20. a3 f3 21. Re7 Qf5
22. Bf1 Nc2 23. Rc1 Bf6 24. Rxb7 Bg5 25. Qxc2 Bxc1 26. Qxf5 gxf5 27. Bxc1 Rab8
28. Rc7 Rxb3 29. Rxc6 Rb1 30. cxd5 Re8 31. d6 1-0

[Event "13. Lichtenberger Sommer"]
[Site "?"]
[Date "2014.08.20"]
[Round "5.29"]
[White "Jaeschke, Jens-Uwe"]
[Black "Muskewitz, Bernd"]
[Result "1-0"]
[WhiteElo "2130"]
[BlackElo "1969"]
[PlyCount "45"]
[EventDate "2014.??.??"]
[WhiteTeam "Sfr.Nord-Ost Berlin"]
[BlackTeam "SV Mattnetz Berlin e.V."]

1. e4 c5 2. Nf3 e6 3. d3 d5 4. Qe2 d4 5. g3 Nc6 6. Bg2 Nge7 7. a4 Ng6 8. O-O a6
9. h4 e5 10. h5 Nge7 11. Nh4 f6 12. Na3 g5 13. hxg6 hxg6 14. Nc4 g5 15. Nf5
Nxf5 16. exf5 Bxf5 17. f4 gxf4 18. Bxf4 Qe7 19. Bxc6+ bxc6 20. Bxe5 fxe5 21.
Rxf5 O-O-O 22. Raf1 Qh7 23. Qg2 1-0

[Event "13. Lichtenberger Sommer"]
[Site "?"]
[Date "2014.08.20"]
[Round "5.30"]
[White "Bankmann, Daniel"]
[Black "Gelemerov, Yane"]
[Result "1-0"]
[WhiteElo "1931"]
[BlackElo "2090"]
[PlyCount "33"]
[EventDate "2014.??.??"]
[WhiteTeam "SC 1934 Gelnhausen"]
[BlackTeam "Krakera Pernik"]

1. e4 e5 2. Nc3 Bc5 3. Nf3 d6 4. d4 exd4 5. Nxd4 Nf6 6. Bg5 h6 7. Bh4 c6 8. Qd3
Nbd7 9. O-O-O Qc7 10. f4 g6 11. e5 dxe5 12. Ne6 fxe6 13. Qxg6+ Kf8 14. Bxf6 Rg8
15. Qxh6+ Kf7 16. fxe5 Bf8 17. Qh5+ 1-0

[Event "13. Lichtenberger Sommer"]
[Site "?"]
[Date "2014.08.20"]
[Round "5.31"]
[White "Schmidt, David"]
[Black "Keil, Uwe"]
[Result "0-1"]
[WhiteElo "1981"]
[BlackElo "2132"]
[PlyCount "96"]
[EventDate "2014.??.??"]
[WhiteTeam "Doppelbauer Woltersdorf"]
[BlackTeam "SC Friesen Lichtenberg e.V."]

1. d4 Nf6 2. Nf3 b6 3. g3 Bb7 4. Bg2 e6 5. O-O Be7 6. b3 O-O 7. Bb2 d5 8. Re1
Nbd7 9. Nfd2 c5 10. dxc5 Nxc5 11. b4 Na4 12. Bd4 b5 13. a3 a5 14. bxa5 Qxa5 15.
Nb3 Qc7 16. f4 Rac8 17. Ra2 Rfd8 18. Qd3 Qd7 19. Nc3 Nxc3 20. Bxc3 Ba8 21. Ba5
Re8 22. Bb4 Rc4 23. c3 Qa7+ 24. e3 Bxb4 25. cxb4 Ne4 26. Nd4 Qb6 27. Rc2 Bb7
28. Rec1 Rec8 29. Bxe4 dxe4 30. Qb3 Bd5 31. a4 h6 32. a5 Qa6 33. Qb2 Re8 34.
Kf2 f6 35. Nb3 Rxb4 36. Rc3 Qxa5 37. Nxa5 Rxb2+ 38. R3c2 Rxc2+ 39. Rxc2 Ra8 40.
Nc6 Kf8 41. Nd4 b4 42. Rb2 b3 43. Ke1 e5 44. fxe5 fxe5 45. Nb5 Ra2 46. Rb1 Rxh2
47. Nc3 Kf7 48. Kd1 Bc4 0-1

[Event "13. Lichtenberger Sommer"]
[Site "?"]
[Date "2014.08.20"]
[Round "5.32"]
[White "Wierzbicki, Jirawat"]
[Black "Flick, Antoine"]
[Result "0-1"]
[WhiteElo "1924"]
[BlackElo "2035"]
[PlyCount "74"]
[EventDate "2014.??.??"]
[WhiteTeam "SK König Tegel 1949 e.V."]
[BlackTeam "Philidor Mulhouse"]

1. e4 c5 2. c3 d5 3. exd5 Qxd5 4. d4 g6 5. Nf3 Bg7 6. Na3 cxd4 7. Bc4 Qe4+ 8.
Be3 Nh6 9. Nb5 O-O 10. Bd3 Qg4 11. h3 Qh5 12. Nfxd4 Qxd1+ 13. Kxd1 Na6 14. Kc2
Nc5 15. Nb3 Nxd3 16. Kxd3 b6 17. Ke2 Nf5 18. Bf4 e5 19. Bh2 Bb7 20. f3 Bc6 21.
Na3 Bh6 22. Rhe1 f6 23. Kf2 Rfd8 24. Rad1 Bf8 25. Nc2 a5 26. Ne3 a4 27. Nd2 Bc5
28. Ndf1 Bb5 29. g4 Bxf1 30. gxf5 Bxh3 31. fxg6 hxg6 32. Ke2 Be6 33. a3 Rxd1
34. Rxd1 Kf7 35. Bg3 Rh8 36. Rf1 Rh3 37. Bf2 Rh2 0-1

[Event "13. Lichtenberger Sommer"]
[Site "?"]
[Date "2014.08.20"]
[Round "5.33"]
[White "Heuser, Philip"]
[Black "Hilbig, Dieter"]
[Result "1-0"]
[WhiteElo "2095"]
[BlackElo "2020"]
[PlyCount "113"]
[EventDate "2014.??.??"]
[WhiteTeam "Münchener SC 1836 e.V."]
[BlackTeam "ESV Gera"]

1. d4 Nf6 2. c4 e6 3. Nc3 d5 4. cxd5 exd5 5. Bg5 Be7 6. e3 c6 7. Qc2 O-O 8. Bd3
h6 9. Bh4 Re8 10. Nf3 Ne4 11. Bxe4 Bxh4 12. Bh7+ Kh8 13. Bd3 Rxe3+ 14. Kf1 Re8
15. Ne5 Be6 16. f4 Rf8 17. f5 Bc8 18. g3 Bf6 19. Re1 b6 20. b4 Qd6 21. a3 Nd7
22. Qe2 Bb7 23. h4 c5 24. Nb5 Qe7 25. Ng6+ fxg6 26. Qxe7 Bxe7 27. Rxe7 Bc6 28.
Nc7 Rac8 29. Ne6 Rfe8 30. Nf4 Nf8 31. Rxa7 c4 32. Bb1 gxf5 33. Bxf5 Ra8 34. Rc7
Bb5 35. Nxd5 Rxa3 36. Kf2 Ra2+ 37. Kf3 Ne6 38. Bxe6 Rxe6 39. Nc3 Ra3 40. Rc1
Bc6+ 41. Kf4 Ra8 42. d5 Rf6+ 43. Ke4 Re8+ 44. Kd4 Ba8 45. Kxc4 Rd8 46. Rd1 Rfd6
47. Re7 Kg8 48. Re5 Rg6 49. Rd3 Bb7 50. Kb5 Re6 51. Na4 Ra8 52. Nxb6 Ba6+ 53.
Kc5 Rxb6 54. Kxb6 Bxd3 55. d6 Kf8 56. d7 Ba6 57. b5 1-0

[Event "13. Lichtenberger Sommer"]
[Site "?"]
[Date "2014.08.20"]
[Round "5.34"]
[White "Guenther, Thomas"]
[Black "Leyrer, Thomas"]
[Result "1/2-1/2"]
[WhiteElo "2089"]
[BlackElo "1774"]
[PlyCount "101"]
[EventDate "2014.??.??"]
[WhiteTeam "SV Senat"]
[BlackTeam "SV Königsjäger Süd-West e.V."]

1. d4 d5 2. Nf3 e6 3. c4 c6 4. e3 f5 5. Bd3 Nf6 6. O-O Bd6 7. b3 Qe7 8. Bb2 O-O
9. Ne5 b6 10. f3 Bb7 11. Nd2 c5 12. Qe2 cxd4 13. exd4 Nc6 14. Nxc6 Bxc6 15.
Rfe1 Rfe8 16. a3 Rac8 17. b4 dxc4 18. Bxc4 Nd5 19. Rac1 Nf4 20. Qf1 Bd5 21. g3
Qg5 22. Kh1 Nh5 23. Bxd5 exd5 24. f4 Qh6 25. Qg2 Nf6 26. Nf3 Rxe1+ 27. Rxe1 Ne4
28. Ne5 g5 29. Rc1 Rxc1+ 30. Bxc1 g4 31. Kg1 Qg7 32. Qa2 Nf6 33. b5 Qc7 34. Nc6
Kf7 35. Bd2 Ke6 36. Qb3 a5 37. a4 h5 38. Kg2 Ne4 39. Be3 h4 40. Bf2 hxg3 41.
hxg3 Qh7 42. Qe3 Qh3+ 43. Kg1 Kd7 44. Ne5+ Ke6 45. Qc1 Bxe5 46. fxe5 Nxg3 47.
Qc6+ Ke7 48. Qd6+ Ke8 49. Qb8+ Ke7 50. Qd6+ Ke8 51. Qb8+ 1/2-1/2

[Event "13. Lichtenberger Sommer"]
[Site "?"]
[Date "2014.08.20"]
[Round "5.35"]
[White "Schmidt, Markus"]
[Black "Deutschbein, Christopher"]
[Result "1/2-1/2"]
[WhiteElo "2097"]
[BlackElo "1984"]
[PlyCount "70"]
[EventDate "2014.??.??"]
[WhiteTeam "SK Turm Bad Hersfeld"]
[BlackTeam "Bille SC von 1924 e.V."]

1. e4 e5 2. Nf3 Nc6 3. d4 exd4 4. Bc4 Nf6 5. e5 d5 6. Bb5 Ne4 7. Nxd4 Bd7 8.
Bxc6 bxc6 9. O-O Bc5 10. c3 O-O 11. f3 Ng5 12. f4 Ne4 13. Nd2 Nxd2 14. Bxd2 Bf5
15. Be3 Bxd4 16. Bxd4 Qd7 17. h3 Be4 18. g4 Qe7 19. b4 Qd7 20. Qd2 f6 21. exf6
gxf6 22. Kh2 Kf7 23. Qf2 Qe6 24. a4 a6 25. Qh4 Rg8 26. Rf2 Qd6 27. a5 Rae8 28.
Rg1 Bd3 29. Rg3 Be4 30. g5 Bf5 31. Bxf6 Re1 32. Be5 Qg6 33. Rg1 Re3 34. Rg3 Re1
35. Rg1 Re3 1/2-1/2

[Event "13. Lichtenberger Sommer"]
[Site "?"]
[Date "2014.08.20"]
[Round "5.36"]
[White "Barwich, Alfred"]
[Black "Zschäbitz, Klaus"]
[Result "0-1"]
[WhiteElo "2041"]
[BlackElo "2064"]
[PlyCount "81"]
[EventDate "2014.??.??"]
[WhiteTeam "SV Berolina Mitte e.V."]
[BlackTeam "BSG 1827 Eckbauer e.V."]

1. d4 e6 2. Bf4 Nf6 3. e3 c5 4. c3 Qb6 5. Qc2 Nc6 6. h3 d6 7. Nd2 e5 8. dxe5
dxe5 9. Bh2 Qc7 10. Ngf3 Nd7 11. e4 Be7 12. Nc4 O-O 13. Ne3 Re8 14. Nd5 Qa5 15.
Qd2 Bf8 16. Be2 b5 17. O-O Rb8 18. a3 c4 19. Nh4 Nc5 20. Qe3 Qd8 21. Nf3 f5 22.
Rad1 f4 23. Nxf4 Qf6 24. Nd5 Qg6 25. Nd2 Ne6 26. Qg3 Qh6 27. Nf3 Nc5 28. Ng5
Qg6 29. Nc7 Re7 30. Nxb5 Nd3 31. Bxd3 cxd3 32. Qxd3 Qxg5 33. f4 exf4 34. Qc4+
Rf7 35. Rd5 Ne5 36. Rxe5 Qxe5 37. Nd4 g5 38. Kh1 Bb7 39. Nf3 Qxe4 40. Qxe4 Bxe4
41. Nxg5 0-1

[Event "13. Lichtenberger Sommer"]
[Site "?"]
[Date "2014.08.20"]
[Round "5.37"]
[White "Wörz, Markus"]
[Black "Ziems, Michael"]
[Result "1-0"]
[WhiteElo "1949"]
[BlackElo "1809"]
[PlyCount "88"]
[EventDate "2014.??.??"]
[WhiteTeam "SC Kreuzberg e.V."]
[BlackTeam "SV Empor Berlin e.V."]

1. e4 e6 2. d4 d5 3. Nd2 c5 4. Ngf3 cxd4 5. Nxd4 Nc6 6. Nxc6 bxc6 7. Bd3 Nf6 8.
Qe2 Be7 9. O-O a5 10. Kh1 h5 11. Kg1 Qc7 12. e5 Ng4 13. Nf3 Bb7 14. h3 Bc5 15.
hxg4 hxg4 16. Ng5 g3 17. Be3 Qxe5 18. Bxc5 gxf2+ 19. Kxf2 Qxg5 20. Qe3 Qh4+ 21.
Qg3 Qxg3+ 22. Kxg3 e5 23. Rh1 Kd7 24. Bf5+ Kc7 25. Rae1 e4 26. Kf4 Rae8 27. Rh3
Rxh3 28. Bxh3 Rh8 29. Re3 a4 30. Rg3 g6 31. Ke5 Rh4 32. Be3 c5 33. Bxc5 Kc6 34.
Be7 Rh5+ 35. Kd4 Kb5 36. Rg5 Rxg5 37. Bxg5 f5 38. Bd2 Bc6 39. g3 Bb7 40. Bf1+
Kc6 41. c4 dxc4 42. Bxc4 Kd6 43. Bf7 Ke7 44. Bxg6 Kf6 1-0

[Event "13. Lichtenberger Sommer"]
[Site "?"]
[Date "2014.08.20"]
[Round "5.38"]
[White "Meyer, Ulrich"]
[Black "Kapr, Klaus"]
[Result "1-0"]
[WhiteElo "2007"]
[BlackElo "2069"]
[PlyCount "61"]
[EventDate "2014.??.??"]
[WhiteTeam "Schachklub Münster 32 e.V."]
[BlackTeam "SC Friesen Lichtenberg e.V."]

1. d4 d5 2. Nf3 Nc6 3. Bf4 Nf6 4. e3 Bg4 5. Nbd2 e6 6. c3 Be7 7. Bb5 O-O 8.
Bxc6 bxc6 9. b4 a5 10. a3 Ne4 11. Qb3 g5 12. Bg3 Bxf3 13. gxf3 Nd6 14. O-O f5
15. Be5 Nf7 16. f4 Nxe5 17. fxe5 Qe8 18. Qd1 g4 19. Nb3 a4 20. Nc1 Qh5 21. Nd3
Kf7 22. Ra2 Ke8 23. Rc2 Bg5 24. c4 f4 25. f3 fxe3 26. f4 Bh6 27. cxd5 exd5 28.
Qe2 Qh3 29. Qg2 Qh5 30. Rxc6 g3 31. hxg3 1-0

[Event "13. Lichtenberger Sommer"]
[Site "?"]
[Date "2014.08.20"]
[Round "5.39"]
[White "Olaizola, Miguel"]
[Black "Simon, Ralf-Axel"]
[Result "0-1"]
[WhiteElo "1773"]
[BlackElo "2173"]
[PlyCount "62"]
[EventDate "2014.??.??"]
[WhiteTeam "SK Zehlendorf e.V."]
[BlackTeam "TSG Neuruppin"]

1. e4 c5 2. Nf3 e6 3. d4 cxd4 4. Nxd4 Nc6 5. Nb3 Nf6 6. Bd3 d5 7. exd5 Nxd5 8.
O-O e5 9. Be4 Be6 10. Qf3 Nde7 11. Nc5 Bc4 12. Rd1 Nd4 13. Rxd4 Qxd4 14. Nxb7
f5 15. Nc3 fxe4 16. Nxe4 Nf5 17. Bg5 Bd5 18. Qxf5 Qxe4 19. Qh3 Be7 20. Bxe7
Kxe7 21. Qa3+ Kf6 22. Qd6+ Be6 23. Nc5 Qd5 24. Nd7+ Kf7 25. Nxe5+ Ke8 26. Qb4
Qxe5 27. Re1 Qd5 28. c4 Qd7 29. f4 Rf8 30. c5 Rd8 31. Kh1 Qd4 0-1

[Event "13. Lichtenberger Sommer"]
[Site "?"]
[Date "2014.08.20"]
[Round "5.40"]
[White "Schröter, Maik"]
[Black "Krefenstein, Sergej"]
[Result "0-1"]
[WhiteElo "1854"]
[BlackElo "2094"]
[PlyCount "64"]
[EventDate "2014.??.??"]
[WhiteTeam "SG Blau-Weiß Stadtilm"]
[BlackTeam "TuS Makkabi Berlin e.V."]

1. e4 e5 2. Nf3 Nc6 3. d4 exd4 4. Nxd4 Nf6 5. Nc3 Bb4 6. Nxc6 bxc6 7. Bd3 d5 8.
exd5 cxd5 9. O-O O-O 10. Bg5 c6 11. Ne2 Bg4 12. c3 Be7 13. Qa4 Bd7 14. Qc2 h6
15. Bd2 Ng4 16. Bf5 Ne5 17. b3 Bd6 18. h3 Re8 19. Ng3 c5 20. Bxd7 Qxd7 21. Nf5
c4 22. bxc4 dxc4 23. Nxd6 Qxd6 24. Be3 Nd3 25. Rfd1 Qc6 26. a4 Re6 27. Rxd3 Rg6
28. g3 cxd3 29. Qxd3 Qf6 30. Rd1 Re8 31. Qd5 Rxe3 32. fxe3 Rxg3+ 0-1

[Event "13. Lichtenberger Sommer"]
[Site "?"]
[Date "2014.08.20"]
[Round "5.41"]
[White "Hirstel, Serge"]
[Black "Stiemerling, Wilfried"]
[Result "1/2-1/2"]
[WhiteElo "1910"]
[BlackElo "2134"]
[PlyCount "39"]
[EventDate "2014.??.??"]
[WhiteTeam "Hipsheim"]
[BlackTeam "BSG Pneumant Fürstenwalde e.V."]

1. e4 e6 2. d4 d5 3. Bd3 c5 4. exd5 exd5 5. Bb5+ Bd7 6. Bxd7+ Qxd7 7. Nf3 Nc6
8. O-O Bd6 9. dxc5 Bxc5 10. Bf4 Nge7 11. c3 O-O 12. Nbd2 Bb6 13. Nb3 Rad8 14.
Nbd4 Nxd4 15. Nxd4 Bxd4 16. Qxd4 Nc6 17. Qd1 d4 18. cxd4 Qxd4 19. Qxd4 Nxd4 20.
Be5 1/2-1/2

[Event "13. Lichtenberger Sommer"]
[Site "?"]
[Date "2014.08.20"]
[Round "5.42"]
[White "Schäfer, Heiko"]
[Black "Windolf, Mario"]
[Result "1-0"]
[WhiteElo "2064"]
[BlackElo "1772"]
[PlyCount "123"]
[EventDate "2014.??.??"]
[WhiteTeam "Potsdamer SV Mitte e.V."]
[BlackTeam "1. Schachclub Anhalt"]

1. d4 Nf6 2. c4 d6 3. Nc3 g6 4. e4 Bg7 5. f4 O-O 6. Nf3 e5 7. dxe5 dxe5 8. Qxd8
Rxd8 9. Nxe5 Nxe4 10. Nxe4 Re8 11. Bd3 f6 12. Nxf6+ Bxf6 13. O-O Nd7 14. Be4
Nxe5 15. fxe5 Bxe5 16. Bd5+ Be6 17. Bf4 Bxf4 18. Rxf4 c6 19. Bxe6+ Rxe6 20. Rd1
Rae8 21. c5 Re1+ 22. Rxe1 Rxe1+ 23. Kf2 Rc1 24. Rb4 Rxc5 25. Rxb7 a5 26. Kf3 a4
27. a3 Rc2 28. h4 Rc4 29. Rb4 Rc2 30. g4 c5 31. Rxa4 Rxb2 32. Kf4 h6 33. Ke5
Rh2 34. g5 hxg5 35. hxg5 Rf2 36. Rf4 Ra2 37. a4 Rd2 38. Rc4 Ra2 39. Kf6 Kh7 40.
Rh4+ Kg8 41. Kxg6 Rc2 42. Rh7 Rd2 43. Rc7 Rd6+ 44. Kf5 Ra6 45. Rxc5 Rxa4 46.
Rc6 Ra1 47. Kg6 Kf8 48. Rc8+ Ke7 49. Kg7 Rf1 50. g6 Rg1 51. Rc4 Ke6 52. Rf4 Rg2
53. Kh7 Rh2+ 54. Kg8 Ke7 55. g7 Rh3 56. Re4+ Kd8 57. Kf7 Rf3+ 58. Kg6 Rg3+ 59.
Kf6 Rf3+ 60. Kg6 Rg3+ 61. Kf6 Rf3+ 62. Kg5 1-0

[Event "13. Lichtenberger Sommer"]
[Site "?"]
[Date "2014.08.20"]
[Round "5.43"]
[White "Schmalzried, Volker"]
[Black "Heerde, Thomas"]
[Result "1-0"]
[WhiteElo "1875"]
[BlackElo "2074"]
[PlyCount "163"]
[EventDate "2014.??.??"]
[BlackTeam "SC Weisse Dame e.V."]

1. c4 Nf6 2. Nc3 g6 3. g3 Bg7 4. Bg2 O-O 5. Nf3 d6 6. O-O e5 7. d4 Nbd7 8. e4
exd4 9. Nxd4 Re8 10. Bg5 h6 11. Be3 Ne5 12. b3 Nfg4 13. Bf4 a6 14. Qd2 Kh7 15.
Rad1 Rb8 16. h3 Nf6 17. Bxe5 dxe5 18. Nf3 Qxd2 19. Rxd2 c6 20. Rfd1 Bf8 21. Rd8
Rxd8 22. Rxd8 Be7 23. Rd1 Nd7 24. h4 f6 25. Bh3 Nf8 26. Bxc8 Rxc8 27. Kf1 h5
28. Ke2 Kg7 29. Nh2 f5 30. f3 f4 31. Kf2 Kf7 32. Kg2 Ke6 33. Ne2 g5 34. hxg5
Bxg5 35. gxf4 Bxf4 36. Nf1 Nd7 37. Nfg3 Rg8 38. Kh3 Be3 39. Nf5 Bc5 40. Neg3
Nf6 41. Kh4 Be7 42. Nxe7 Kxe7 43. Nf5+ Ke8 44. Rd6 Nd7 45. Kxh5 Rg2 46. Rg6
Rh2+ 47. Kg5 Rg2+ 48. Kh6 Rh2+ 49. Kg7 Nf8 50. Rh6 Rg2+ 51. Kf6 Rf2 52. Kxe5
Rxf3 53. Nd6+ Ke7 54. c5 Rf2 55. Nxb7 Nd7+ 56. Kd4 Rd2+ 57. Kc3 Rxa2 58. Rxc6
Ne5 59. Rc7+ Ke8 60. Nd6+ Kd8 61. Rh7 a5 62. Nf7+ Nxf7 63. Rxf7 a4 64. b4 Re2
65. Ra7 a3 66. Rxa3 Re3+ 67. Kb2 Re2+ 68. Kb3 Re3+ 69. Ka4 Rxe4 70. Kb5 Kc7 71.
Ra7+ Kb8 72. Rg7 Re5 73. Kb6 Kc8 74. c6 Re8 75. b5 Kb8 76. Rg5 Kc8 77. Kc5 Rh8
78. b6 Kd8 79. b7 Kc7 80. Rg7+ Kb8 81. Kb6 Rh7 82. c7# 1-0

[Event "13. Lichtenberger Sommer"]
[Site "?"]
[Date "2014.08.20"]
[Round "5.44"]
[White "Wimmer, Thomas"]
[Black "Schulz, Hartmut"]
[Result "1-0"]
[WhiteElo "1881"]
[BlackElo "2106"]
[PlyCount "52"]
[EventDate "2014.??.??"]
[WhiteTeam "SK Marburg 1931/72"]
[BlackTeam "SC Rotation Pankow e.V."]

1. e4 c6 2. d4 d5 3. Nc3 dxe4 4. Nxe4 Nd7 5. Ng5 Ngf6 6. Bd3 e6 7. N1f3 Bd6 8.
Qe2 h6 9. Ne4 Nxe4 10. Qxe4 Nf6 11. Qe2 O-O 12. Ne5 c5 13. dxc5 Qa5+ 14. Bd2
Qxc5 15. f4 Qc7 16. O-O-O b6 17. g4 Bb7 18. Rhg1 Nd7 19. Nxd7 Qxd7 20. g5 hxg5
21. Rxg5 f5 22. Rdg1 Rf7 23. Kb1 Rc8 24. Rg6 Re7 25. Qh5 Qe8 26. Qh4 Be4 1-0

[Event "13. Lichtenberger Sommer"]
[Site "?"]
[Date "2014.08.20"]
[Round "5.45"]
[White "Schulz, Olaf"]
[Black "Küchler, Felix"]
[Result "1-0"]
[WhiteElo "2029"]
[BlackElo "1735"]
[PlyCount "65"]
[EventDate "2014.??.??"]
[WhiteTeam "SC Rotation Pankow e.V."]
[BlackTeam "Schachunion Berlin e.V."]

1. d4 d6 2. c4 Nf6 3. Nc3 g6 4. e4 Bg7 5. f4 O-O 6. Nf3 Nc6 7. d5 Nb8 8. Be2 e5
9. fxe5 dxe5 10. Bg5 Nbd7 11. O-O h6 12. Bh4 Qe8 13. Nb5 Qd8 14. Qe1 a6 15. Nc3
Qe8 16. h3 Nc5 17. Nd2 Nh7 18. b4 Na4 19. Nxa4 Qxa4 20. Be7 Re8 21. d6 cxd6 22.
Bxd6 Qc6 23. c5 Ng5 24. h4 Ne6 25. Bc4 Nf4 26. g3 Ne6 27. Bd5 Qa4 28. Qf2 f6
29. a3 Kh7 30. Nc4 Qb5 31. Nb6 Nd4 32. Nxa8 Bh3 33. Nc7 1-0

[Event "13. Lichtenberger Sommer"]
[Site "?"]
[Date "2014.08.20"]
[Round "5.46"]
[White "Huebner, Alan-Ari"]
[Black "Hoffmann, Rainer"]
[Result "1/2-1/2"]
[WhiteElo "1785"]
[BlackElo "2064"]
[PlyCount "139"]
[EventDate "2014.??.??"]
[WhiteTeam "vereinslos"]
[BlackTeam "BSC Rehberge 1945 e.V."]

1. d4 Nf6 2. c4 g6 3. Nc3 d5 4. cxd5 Nxd5 5. e4 Nxc3 6. bxc3 Bg7 7. Bg5 c5 8.
Rc1 Qa5 9. Qd2 cxd4 10. cxd4 Qxd2+ 11. Kxd2 Nc6 12. d5 Nd4 13. Ne2 h6 14. Bf4
g5 15. Be3 Nb5 16. f3 Bd7 17. a4 Nd6 18. Nc3 O-O 19. Nb5 Rfc8 20. Bd3 Bxb5 21.
axb5 a6 22. bxa6 bxa6 23. Rxc8+ Rxc8 24. Rc1 Rb8 25. Bxa6 Rb2+ 26. Rc2 f5 27.
Rxb2 Bxb2 28. Kd3 Be5 29. h3 Kf7 30. Bd4 Kf6 31. Bc4 f4 32. Ba6 Ne8 33. Bc8 Nd6
34. Bd7 Nb7 35. Bb6 Nd6 36. Ba7 Nf7 37. Kc4 Nd6+ 38. Kc5 Bb2 39. Bb8 Be5 40.
Bc7 Bb2 41. Bb5 Nf7 42. Kb4 Nd6 43. Bc6 Nf7 44. Kb3 Bd4 45. Ba5 Ne5 46. Bc3 Bb6
47. Kb4 Ba7 48. Bb5 Bb6 49. Bb2 Be3 50. Ka5 Bc5 51. Ka6 Bb4 52. Kb6 Bd6 53. Be8
Bb4 54. Kb5 Bd6 55. Bc3 Ba3 56. Kb6 Bd6 57. Kb7 Ba3 58. Kc7 Bc5 59. Bh5 Bd6+
60. Kd8 e6 61. Ke8 exd5 62. exd5 Bc5 63. Bf7 Bd6 64. Be6 h5 65. Bf7 h4 66. Be6
Bc7 67. Bxe5+ Kxe5 68. Ke7 Bd6+ 69. Kd7 Ba3 70. Ke8 1/2-1/2

[Event "13. Lichtenberger Sommer"]
[Site "?"]
[Date "2014.08.20"]
[Round "5.47"]
[White "Westphal, Julian"]
[Black "Hahlbohm, Matthias"]
[Result "0-1"]
[WhiteElo "1734"]
[BlackElo "2074"]
[PlyCount "78"]
[EventDate "2014.??.??"]
[WhiteTeam "TSG Oberschöneweide e.V."]
[BlackTeam "TSG Oberschöneweide e.V."]

1. d4 c5 2. d5 e5 3. g3 f5 4. e4 d6 5. Bg2 Nf6 6. Nc3 Be7 7. Nge2 O-O 8. O-O
fxe4 9. Nxe4 Nxe4 10. Bxe4 Bh3 11. Nf4 Rxf4 12. gxf4 Bxf1 13. Kxf1 Nd7 14. Bf5
Bf6 15. Qg4 Nf8 16. fxe5 Bxe5 17. Bg5 Bf6 18. Bf4 Qb6 19. Re1 Rd8 20. Re3 Qxb2
21. Rh3 Qa1+ 22. Kg2 Qxa2 23. Be4 Qb2 24. Qh5 g6 25. Qg4 Qd4 26. Be3 Qe5 27.
Rf3 Re8 28. Bd3 Bg7 29. Bf4 Qxd5 30. Bg5 Qc6 31. Qf4 Qd7 32. Qc4+ Ne6 33. Qd5
Kh8 34. Bh4 b5 35. Bg3 c4 36. Bf1 Rd8 37. Kg1 Nc7 38. Qf7 a6 39. Qf4 Ne6 0-1

[Event "13. Lichtenberger Sommer"]
[Site "?"]
[Date "2014.08.20"]
[Round "5.48"]
[White "Kornath, Heinrich"]
[Black "Godoj, Veit"]
[Result "1/2-1/2"]
[WhiteElo "1848"]
[BlackElo "2031"]
[PlyCount "96"]
[EventDate "2014.??.??"]
[WhiteTeam "SG Eckturm"]
[BlackTeam "SV Königsjäger Süd-West e.V."]

1. e4 d5 2. exd5 Qxd5 3. Nc3 Qa5 4. Bc4 Nf6 5. Nf3 c6 6. d4 Bf5 7. O-O e6 8.
Bd2 Qc7 9. Re1 Be7 10. h3 O-O 11. Nh4 Bg6 12. Nxg6 hxg6 13. Qf3 Bd6 14. Bg5
Nbd7 15. Ne4 Nxe4 16. Rxe4 b5 17. Bb3 Nb6 18. Rd1 Nd5 19. c3 a5 20. a4 Rab8 21.
Rde1 Nb6 22. axb5 cxb5 23. h4 Nd5 24. h5 gxh5 25. Qxh5 Nf4 26. Bxf4 Bxf4 27. d5
exd5 28. Bxd5 Bh6 29. Rg4 Kh8 30. Rge4 f5 31. Re6 Rb6 32. g3 Rxe6 33. Rxe6 Kh7
34. Re8 Qd6 35. Rxf8 Qxf8 36. Bf7 f4 37. Qf5+ Kh8 38. gxf4 Qb8 39. Ba2 Qxf4 40.
Qc8+ Kh7 41. Qg8+ Kg6 42. Bb1+ Kh5 43. Qe8+ Kh4 44. Qe4 Qxe4 45. Bxe4 Bc1 46.
b3 a4 47. bxa4 bxa4 48. c4 Kg5 1/2-1/2